Modelling world englishes: a joint approach to postcolonial and non-pstcolonial varieties (Record no. 1228654)

MARC details
000 -LEADER
fixed length control field 00719nam a2200217Ia 4500
005 - DATE AND TIME OF LATEST TRANSACTION
control field 20241129111034.0
008 - FIXED-LENGTH DATA ELEMENTS--GENERAL INFORMATION
fixed length control field 241129s9999||||xx |||||||||||||| ||und||
020 ## - INTERNATIONAL STANDARD BOOK NUMBER
International Standard Book Number 978-0-367-46119-5
037 ## - SOURCE OF ACQUISITION
Stock number TB
040 ## - CATALOGING SOURCE
Original cataloging agency CRL
Language of cataloging eng
Transcribing agency CRL
041 ## - LANGUAGE CODE
Language code of text/sound track or separate title eng
Source of code eng
084 ## - COLON CLASSIFICATION NUMBER
Classification number P111 R2
Assigning agency CRL
100 ## - MAIN ENTRY--PERSONAL NAME
Personal name Buschfeld Sarah Ed.; Kautzsch Alexander Ed.
9 (RLIN) 723236
245 #0 - TITLE STATEMENT
Title Modelling world englishes: a joint approach to postcolonial and non-pstcolonial varieties
Statement of responsibility, etc. Buschfeld Sarah Ed.; Kautzsch Alexander Ed.
260 ## - PUBLICATION, DISTRIBUTION, ETC.
Place of publication, distribution, etc. Edinburgh, UK
Name of publisher, distributor, etc. University Press
Date of publication, distribution, etc. 2022
300 ## - PHYSICAL DESCRIPTION
Extent xii,428p.
365 ## - TRADE PRICE
Price type code UKP
Price amount 24.99
650 ## - SUBJECT ADDED ENTRY--TOPICAL TERM
Topical term or geographic name entry element LinguisticTranslating
9 (RLIN) 726243
942 ## - ADDED ENTRY ELEMENTS (KOHA)
Koha item type Textbook
Classification part P111 R2
Holdings
Withdrawn status Lost status Damaged status Not for loan Home library Current library Date acquired Source of acquisition Cost, normal purchase price Inventory number Total Checkouts Full call number Barcode Date last seen Price effective from Koha item type
        Central Library Central Library 2024-11-29 Bright Book Service 24.99 2117 & 17/02/2023   P111 R2 CL1679453 2024-11-29 2024-11-29 Textbook
Copyright @ Delhi University Library System